| 000 | 00852nam a22002295a 4500 | ||
|---|---|---|---|
| 003 | OSt | ||
| 005 | 20170312144116.0 | ||
| 008 | 160922s2011 ua frb 000 0 ara d | ||
| 015 | _22011 / 1993 | ||
| 040 |
_aEG-ScBUE _bara _cEG-ScBUE _dEG-ScBUE |
||
| 082 | 0 | 4 |
_a344.046 _bش ي و _222 |
| 100 | 1 | _aشيوي، عبد السلام منصور. | |
| 245 | 1 | 2 |
_aالحماية الدولية من النفايات / _cعبد السلام منصور الشيوي. |
| 260 |
_aالقاهرة : _bدار النهضه العربية، _c2011. |
||
| 300 |
_a148 ص. ؛ _c24 سم. |
||
| 504 | _aيشتمل على إرجاعات ببليوجرافية. | ||
| 650 | 7 |
_aحماية البيئة (قانون دولي) _2BUEsh |
|
| 650 | 7 |
_aالنفايات (قانون دولي) _2BUEsh |
|
| 651 | _2BUEsh | ||
| 653 |
_bLLAAWW _cJanuary2017 _cMarch2017 |
||
| 942 | _2ddc | ||
| 999 |
_c23972 _d23944 |
||